Memoria leída en la Junta General del 25 de enero de 1940 de Amigos de los Museos
Descripción Física:
[4] p. ; 28 cm
Materias:
Amigos de los Museos (Barcelona)
MARC
| LEADER | 00000nam a2200000Ia 4500 | ||
|---|---|---|---|
| 001 | 22414 | ||
| 008 | 160829s1940 xx 000 0 cat d | ||
| 080 | |a FU-57-1 | ||
| 245 | |a Memoria leída en la Junta General del 25 de enero de 1940 de Amigos de los Museos | ||
| 260 | |a Barcelona : |b Tipografía La Académica, |c 1940 | ||
| 300 | |a [4] p. ; |c 28 cm | ||
| 590 | |a Prové de S-317, exp. 3 | ||
| 650 | |a Amigos de los Museos (Barcelona) | ||
| 710 | 2 | |a Amigos de los Museos (Barcelona, Catalunya) |9 54542 | |
| 856 | 4 | |u https://media.diba.cat/diba/fitxers/arxiu/fulletons/bib_22414_1940_baixa.pdf |y Accés lliure | |
| 856 | 4 | |u https://media.diba.cat/diba/fitxers/arxiu/fulletons/bib_22414_1940_baixa.pdf |y Accés lliure | |
| 901 | |a Arxiu | ||
| 942 | |n 1 |2 udc | ||
| 952 | |0 0 |1 0 |4 0 |6 FU571 |7 1 |9 53874 |a Arxiu |b Arxiu |d 2016-12-01 |l 0 |o FU-57-1 |p 22414 |r 2016-12-01 00:00:00 |w 2016-12-01 |y ARXIU | ||
| 999 | |c 57740 |d 57740 | ||
| 900 | |a bib_22414_1940_baixa.pdf | ||